Derecho constitucional jurisprudencial (Registro nro. 19162)
[ vista simple ]
| 000 -LEADER | |
|---|---|
| fixed length control field | 01209nmm a2200301 a 4500 |
| 001 - CONTROL NUMBER | |
| control field | 0000015191 |
| 003 - CONTROL NUMBER IDENTIFIER | |
| control field | CO-CtgCURN |
| 005 - DATE AND TIME OF LATEST TRANSACTION | |
| control field | 20250512143531.0 |
| 007 - PHYSICAL DESCRIPTION FIXED FIELD--GENERAL INFORMATION | |
| fixed length control field | co cga---uuuuu |
| 008 - FIXED-LENGTH DATA ELEMENTS--GENERAL INFORMATION | |
| fixed length control field | 160627s2001 i eng d |
| 020 ## - INTERNATIONAL STANDARD BOOK NUMBER | |
| International Standard Book Number | 9586532968 |
| 040 ## - CATALOGING SOURCE | |
| Original cataloging agency | CO-CtgCURN |
| Language of cataloging | spa |
| Transcribing agency | coctgcurn |
| 082 0# - DEWEY DECIMAL CLASSIFICATION NUMBER | |
| Classification number | 342.861 |
| Item number | C36d |
| 100 1# - MAIN ENTRY--PERSONAL NAME | |
| Personal name | Cepeda Espinosa, Manuel José. |
| 245 10 - TITLE STATEMENT | |
| Title | Derecho constitucional jurisprudencial |
| Medium | [electronic resource] : |
| Remainder of title | las grandes decisiones de la corte constitucional. |
| 260 ## - PUBLICATION, DISTRIBUTION, ETC. | |
| Place of publication, distribution, etc. | Bogotá : |
| Name of publisher, distributor, etc. | Legis, |
| Date of publication, distribution, etc. | 2001. |
| 300 ## - PHYSICAL DESCRIPTION | |
| Extent | 1730 p + 1 Cd - Rom. |
| 336 ## - CONTENT TYPE | |
| Source | rdacontent |
| 337 ## - MEDIA TYPE | |
| Source | rdamedia |
| Media type term | sin mediacion |
| Media type code | n |
| 338 ## - CARRIER TYPE | |
| Source | rdacarrier |
| Carrier type term | volumen |
| Carrier type code | nc |
| 500 ## - GENERAL NOTE | |
| General note | Incluye indice. |
| 505 8# - FORMATTED CONTENTS NOTE | |
| Formatted contents note | La constitucion en la corte constitucional.--Temas de sociedad derechos y deberes.--Derechos laborales dimensiones individuales y colectivas.--Libre desarrollo de personalidad y autonomia personal |
| 650 #0 - SUBJECT ADDED ENTRY--TOPICAL TERM | |
| Topical term or geographic name entry element | Corte Constitucional |
| Form subdivision | Jurisprudencia |
| Geographic subdivision | Colombia. |
| 908 ## - PUT COMMAND PARAMETER (RLIN) | |
| Put command parameter | 160627 |
| 942 ## - ADDED ENTRY ELEMENTS (KOHA) | |
| Koha item type | Libros |
| Classification part | 342.861 |
| Item part | C36d |
| Source of classification or shelving scheme | Dewey Decimal Classification |
| Suppress in OPAC | No |
| Withdrawn status | Lost status | Source of classification or shelving scheme | Damaged status | Not for loan | Collection | Home library | Current library | Shelving location | Date acquired | Total checkouts | Full call number | Barcode | Date last seen | Copy number | Price effective from | Koha item type | Public note | Inventory number |
|---|---|---|---|---|---|---|---|---|---|---|---|---|---|---|---|---|---|---|
| Dewey Decimal Classification | General | Miguel Henríquez Castañeda | Miguel Henríquez Castañeda | General | 03/31/2025 | 342.861 C36d | CDLI000325 | 03/31/2025 | ej.1 | 03/31/2025 | Libros | 340-DEREC | ||||||
| Dewey Decimal Classification | General | Miguel Henríquez Castañeda | Miguel Henríquez Castañeda | General | 03/31/2025 | 342.861 C36d | 004041 | 03/31/2025 | ej.2 | 03/31/2025 | Libros | 340-DEREC | 004041 |